[Event "Quebec op U1700"]
[Site "Laval CAN"]
[Date "2022.09.05"]
[Round "8.41"]
[White "Bedard, Daniel"]
[Black "Lafer, Michael Barry jr"]
[Result "0-1"]
[WhiteElo "1432"]
[BlackElo "1568"]
[PlyCount "56"]
[EventDate "2022.09.01"]
[EventType "swiss"]
[EventRounds "9"]
[EventCountry "CAN"]

1. d4 Nf6 2. c4 g6 3. Nc3 Bg7 4. e4 d6 5. h3 O-O 6. f4 Nbd7 7. Nf3 c5 8. Be3
cxd4 9. Nxd4 a6 10. Be2 Re8 11. O-O e5 12. fxe5 Nxe5 13. Bg5 h6 14. Bxf6 Bxf6
15. Nd5 Bg7 16. Qa4 Bd7 17. Qb3 Rb8 18. a4 Qg5 19. Rf2 Nc6 20. Nf3 Qg3 21. Qd3
Bxh3 22. Raf1 Be6 23. b3 Ne5 24. Nxe5 Qxe5 25. Nf6+ Bxf6 26. Rxf6 Kg7 27. Qf3
h5 28. Qf4 Rbd8 {Time} 0-1

[Event "Quebec op U1700"]
[Site "Laval CAN"]
[Date "2022.09.05"]
[Round "8.42"]
[White "Yang, Jing Yao"]
[Black "Berube, Maximilien"]
[Result "0-1"]
[WhiteElo "1259"]
[BlackElo "1480"]
[PlyCount "80"]
[EventDate "2022.09.01"]
[EventType "swiss"]
[EventRounds "9"]
[EventCountry "CAN"]

1. d4 Nf6 2. Bf4 d5 3. Nf3 c5 4. e3 Nc6 5. c3 Qb6 6. Qc2 cxd4 7. exd4 Bg4 8.
Nbd2 e6 9. Bd3 Be7 10. Ne5 Bh5 11. h3 Nxe5 12. Bxe5 Nd7 13. Bf4 Bg6 14. Bxg6
hxg6 15. Nf3 Qd8 16. Qa4 a6 17. Ne5 b5 18. Qc2 Nxe5 19. Bxe5 Bf6 20. Bxf6 Qxf6
21. a4 O-O 22. axb5 axb5 23. O-O Rab8 24. Ra7 Rfc8 25. Rfa1 Qd8 26. Qb3 Rc4 27.
R1a5 b4 28. cxb4 Rcxb4 29. Qa3 Qf6 30. Rd7 Rxb2 31. Qe3 Rxf2 32. Raa7 Rf1+ 33.
Kh2 Qf4+ 34. Qxf4 Rxf4 35. Kg3 g5 36. h4 Rb3+ 37. Kh2 Rxh4+ 38. Kg1 Rf4 39.
Ra8+ Kh7 40. Rf8 Kg6 0-1

[Event "Quebec op U1700"]
[Site "Laval CAN"]
[Date "2022.09.05"]
[Round "8.43"]
[White "Avarian, Aram Sevag"]
[Black "Tachijian, Mardig"]
[Result "0-1"]
[WhiteElo "1657"]
[BlackElo "1552"]
[PlyCount "118"]
[EventDate "2022.09.01"]
[EventType "swiss"]
[EventRounds "9"]
[EventCountry "CAN"]

1. e4 e5 2. Nf3 Nc6 3. d4 exd4 4. Nxd4 d6 5. Nc3 Nf6 6. Be2 g6 7. Nxc6 bxc6 8.
O-O Bg7 9. Bf3 Bd7 10. Bf4 O-O 11. Bg3 Qc8 12. e5 dxe5 13. Bxe5 Re8 14. Qd4 Re6
15. Ne4 Nxe4 16. Bxg7 c5 17. Qd3 Kxg7 18. Bxe4 Rb8 19. Qc3+ Kg8 20. Bd3 Qb7 21.
b3 Qb4 22. Qxb4 cxb4 23. Rfe1 Rbe8 24. Kf1 Kg7 25. Rxe6 Rxe6 26. a3 a5 27. axb4
axb4 28. Ra7 Rc6 29. Bb5 Rd6 30. Bxd7 Rxd7 31. Rb7 Rd1+ 32. Ke2 Rh1 33. h3 Rc1
34. Rxc7 h5 35. Rc4 g5 36. g4 h4 37. Kf3 Kf6 38. Rxb4 Rxc2 39. Rb6+ Ke5 40.
Rb5+ Kf6 41. Rf5+ Kg6 42. b4 Rc3+ 43. Kg2 Rb3 44. b5 f6 45. Rc5 Rb4 46. f3 Rb2+
47. Kg1 Kf7 48. Rc7+ Ke6 49. Rc6+ Ke5 50. b6 Kf4 51. Rxf6+ Kg3 52. Kf1 Kxh3 53.
f4 Kg3 54. fxg5 h3 55. Rh6 h2 56. g6 Rxb6 57. g7 Rxh6 58. g8=Q h1=Q+ 59. Ke2
Qf3+ 0-1

[Event "Quebec op U1700"]
[Site "Laval CAN"]
[Date "2022.09.05"]
[Round "8.44"]
[White "Frangakis, Evan"]
[Black "Harper, Jonathan"]
[Result "1-0"]
[WhiteElo "1589"]
[BlackElo "1590"]
[PlyCount "81"]
[EventDate "2022.09.01"]
[EventType "swiss"]
[EventRounds "9"]
[EventCountry "CAN"]

1. d4 d5 2. c4 e6 3. Nc3 Nf6 4. Bg5 Nbd7 5. cxd5 exd5 6. e3 c6 7. Bd3 Be7 8.
Nf3 O-O 9. O-O Re8 10. Qc2 Nf8 11. Rab1 Bd6 12. b4 a6 13. a4 Ng6 14. b5 axb5
15. axb5 h6 16. Bxf6 Qxf6 17. bxc6 bxc6 18. Bxg6 Qxg6 19. Qxg6 fxg6 20. Rb6 Bd7
21. Nxd5 Bxh2+ 22. Nxh2 cxd5 23. Rxg6 Re6 24. Rxe6 Bxe6 25. Rc1 Kf7 26. Nf3 g5
27. Ne5+ Kf6 28. Rc6 h5 29. Nd3 Kf5 30. Nc5 Bg8 31. g3 Kg4 32. Kg2 Ra2 33. Nd3
Kf5 34. Ne5 Ra8 35. Rh6 h4 36. gxh4 gxh4 37. Rxh4 Be6 38. Rf4+ Kg5 39. Kg3 Rh8
40. Nf7+ Bxf7 41. Rxf7 1-0

[Event "Quebec op U1700"]
[Site "Laval CAN"]
[Date "2022.09.05"]
[Round "8.45"]
[White "Duval, Mathieu"]
[Black "Chasles, Jean-Benoit"]
[Result "1-0"]
[WhiteElo "1524"]
[BlackElo "1423"]
[PlyCount "67"]
[EventDate "2022.09.01"]
[EventType "swiss"]
[EventRounds "9"]
[EventCountry "CAN"]

1. d4 Nf6 2. c4 e6 3. Nc3 Bb4 4. e3 O-O 5. Bd3 d5 6. a3 Bxc3+ 7. bxc3 b6 8. Ne2
Bb7 9. O-O Nbd7 10. cxd5 exd5 11. c4 dxc4 12. Bxc4 c5 13. Bb2 Qc7 14. Rc1 Rfe8
15. Qb3 Re7 16. Ng3 Ng4 17. h3 Nh6 18. Rfd1 Rd8 19. Qc3 Nf6 20. d5 Red7 21. Ne4
Ne8 22. Bb5 Bxd5 23. Bxd7 Rxd7 24. Ng3 Qc6 25. e4 Be6 26. Rxd7 Qxd7 27. Qe3 Qe7
28. Nh5 f6 29. Nf4 Bf7 30. Rd1 Nd6 31. Qd3 Nc4 32. Nd5 Bxd5 33. Qxd5+ Qf7 34.
Qa8+ 1-0

[Event "Quebec op U1700"]
[Site "Laval CAN"]
[Date "2022.09.05"]
[Round "8.46"]
[White "Houde-Belle-Isle, Raphael"]
[Black "Peloquin, Charli"]
[Result "1-0"]
[WhiteElo "1310"]
[BlackElo "1298"]
[PlyCount "89"]
[EventDate "2022.09.01"]
[EventType "swiss"]
[EventRounds "9"]
[EventCountry "CAN"]

1. e4 c6 2. Nf3 d5 3. exd5 cxd5 4. d4 Nf6 5. Bd3 Bg4 6. h3 Bh5 7. Bg5 Ne4 8.
Bf4 Nc6 9. Be2 Qb6 10. Nc3 Nxc3 11. bxc3 Qa5 12. Qd2 b5 13. O-O e6 14. Ne5 Nxe5
15. Bxh5 Nc4 16. Qd3 g6 17. Be2 Rc8 18. Qg3 Na3 19. Bd2 Nxc2 20. Rab1 a6 21.
Rb2 Na3 22. c4 Qb6 23. c5 Qc6 24. Qxa3 Bg7 25. Be3 O-O 26. Rbb1 e5 27. dxe5
Bxe5 28. Rfd1 Rfe8 29. Bf3 Bc7 30. Qb3 Qf6 31. Bxd5 Be5 32. Rd3 Rcd8 33. Rbd1
Rd7 34. c6 Rde7 35. Bf3 Bc7 36. Rd7 Qe5 37. g3 Qf6 38. Rxe7 Rxe7 39. Bg2 Qf5
40. Qa3 Re8 41. Qd3 Rd8 42. Qxd8+ Bxd8 43. Rxd8+ Kg7 44. c7 Qb1+ 45. Kh2 1-0

[Event "Quebec op U1700"]
[Site "Laval CAN"]
[Date "2022.09.05"]
[Round "8.47"]
[White "Guillemette, Sebastien"]
[Black "Novozhenin, Oleksandr"]
[Result "1/2-1/2"]
[WhiteElo "1495"]
[BlackElo "1593"]
[PlyCount "109"]
[EventDate "2022.09.01"]
[EventType "swiss"]
[EventRounds "9"]
[EventCountry "CAN"]

1. e4 e6 2. d4 d5 3. e5 c5 4. c3 Nc6 5. Nf3 cxd4 6. cxd4 Nge7 7. Nc3 Nf5 8. a3
Qb6 9. Na4 Qd8 10. b4 Bd7 11. Be3 Nxe3 12. fxe3 Be7 13. Nc5 Bxc5 14. bxc5 Qa5+
15. Kf2 O-O 16. Bd3 f5 17. g3 Be8 18. Qc2 h6 19. Rhb1 Qc7 20. Qb2 Rb8 21. Ng1
Qf7 22. h4 g5 23. hxg5 hxg5 24. Nh3 Qg7 25. Be2 Kf7 26. Rh1 Ke7 27. Rab1 Kd8
28. Qc3 Rh8 29. Nxg5 Rh6 30. Rxh6 Qxh6 31. Nf3 Bg6 32. Rg1 Kc7 33. Qe1 Rh8 34.
Rg2 Bh5 35. Rh2 Qg7 36. Rh4 Rg8 37. Qg1 Bxf3 38. Bxf3 Na5 39. Qh2 Kb8 40. Rh7
Qg5 41. Rh8 Nc4 42. Rxg8+ Qxg8 43. Qh6 Nxa3 44. Qf6 Nc4 45. Bh5 a5 46. Bf7 Qh7
47. Kg1 Qh3 48. Qg5 a4 49. Bxe6 a3 50. Bxf5 Qh8 51. Bb1 Nd2 52. Qg6 Qh3 53.
Qe8+ Ka7 54. Qa4+ Kb8 55. Qe8+ 1/2-1/2

[Event "Quebec op U1700"]
[Site "Laval CAN"]
[Date "2022.09.05"]
[Round "8.48"]
[White "Laroche, Martin"]
[Black "Masse-Garneau, Anthony"]
[Result "1/2-1/2"]
[WhiteElo "1416"]
[BlackElo "1600"]
[PlyCount "66"]
[EventDate "2022.09.01"]
[EventType "swiss"]
[EventRounds "9"]
[EventCountry "CAN"]

1. e4 c5 2. c4 Nc6 3. d3 d6 4. f4 e5 5. f5 g6 6. fxg6 hxg6 7. Nf3 Bg4 8. Be2
Qd7 9. Nc3 Bg7 10. Be3 O-O-O 11. Qa4 Kb8 12. O-O-O Nge7 13. h3 Bxf3 14. Bxf3
Bh6 15. Bxh6 Rxh6 16. a3 Nd4 17. Qxd7 Rxd7 18. Rhf1 Rd8 19. b4 b6 20. b5 Rf8
21. a4 Rhh8 22. Kb2 Kc7 23. Ra1 Nxf3 24. Rxf3 f5 25. exf5 gxf5 26. Kb3 Kb7 27.
a5 Nc8 28. axb6 axb6 29. Rf2 Rhg8 30. Nd5 f4 31. Kc3 Rg3 32. Raa2 Rh8 33. Rae2
Rh6 1/2-1/2

[Event "Quebec op U1700"]
[Site "Laval CAN"]
[Date "2022.09.05"]
[Round "8.49"]
[White "Smirnov, Arteme-Iouri"]
[Black "Bourassa, Louis"]
[Result "1-0"]
[WhiteElo "1495"]
[BlackElo "1511"]
[PlyCount "23"]
[EventDate "2022.09.01"]
[EventType "swiss"]
[EventRounds "9"]
[EventCountry "CAN"]

1. e4 c5 2. Nc3 Nc6 3. f4 e6 4. Nf3 d6 5. Bb5 Bd7 6. O-O Nge7 7. d3 a6 8. Bxc6
Bxc6 9. Qe1 g6 10. Qh4 d5 11. Qf6 Rg8 12. Ne5 1-0

[Event "Quebec op U1700"]
[Site "Laval CAN"]
[Date "2022.09.05"]
[Round "8.50"]
[White "Morais, Antoine"]
[Black "Duguay-Piron, Simon"]
[Result "0-1"]
[WhiteElo "1507"]
[BlackElo "1416"]
[PlyCount "67"]
[EventDate "2022.09.01"]
[EventType "swiss"]
[EventRounds "9"]
[EventCountry "CAN"]

1. e4 c5 2. Nf3 Nc6 3. d4 cxd4 4. Nxd4 g6 5. Nc3 Bg7 6. Be3 Nf6 7. f3 O-O 8.
Qd2 d5 9. O-O-O dxe4 10. Nxc6 Qxd2+ 11. Rxd2 bxc6 12. fxe4 Ng4 13. Nd1 Nxe3 14.
Nxe3 Rb8 15. b3 Rb4 16. Bc4 c5 17. Kb1 e6 18. Rf1 Bb7 19. a3 Rb6 20. Bd3 Rd6
21. Nc4 Rd4 22. e5 Rfd8 23. Rdf2 R4d7 24. Nd6 Bxe5 25. Nxf7 Rxf7 26. Rxf7 Bxg2
27. Re1 Kxf7 28. Rxe5 Rd5 29. Re2 Bh3 30. b4 cxb4 31. axb4 Bf5 32. Bc4 Rd4 33.
Bb3 Rxb4 34. Re5 0-1

[Event "Quebec op U1700"]
[Site "Laval CAN"]
[Date "2022.09.05"]
[Round "8.52"]
[White "Bergeron, Jean-Guy"]
[Black "Laporte, Michel"]
[Result "1/2-1/2"]
[WhiteElo "1370"]
[BlackElo "1528"]
[PlyCount "107"]
[EventDate "2022.09.01"]
[EventType "swiss"]
[EventRounds "9"]
[EventCountry "CAN"]

1. c4 d6 2. d4 g6 3. Nc3 Bg7 4. e4 Nf6 5. Be2 O-O 6. Nf3 e5 7. O-O Nc6 8. d5
Ne7 9. b4 a5 10. Ba3 axb4 11. Bxb4 b6 12. a4 Nh5 13. Re1 Nf4 14. Bf1 f5 15. g3
fxe4 16. Ng5 Nexd5 17. Nxd5 Qxg5 18. h4 Qd8 19. Nxc7 Nd3 20. Bxd3 exd3 21. Nxa8
Bb7 22. a5 Bxa8 23. Bc3 Qc8 24. axb6 Bf3 25. Qxd3 Qc6 26. Kh2 e4 27. Qe3 Bxc3
28. Qxc3 Qxb6 29. Re3 Qd8 30. Ra2 g5 31. Ra7 Rf7 32. Rxf7 Kxf7 33. Rxf3+ exf3
34. Qxf3+ Kg6 35. h5+ Kg7 36. Qb7+ Kh6 37. Qf7 g4 38. Kg2 Qa8+ 39. Kh2 Qd8 40.
Kg2 Qg5 41. Qf4 Qxf4 42. gxf4 Kxh5 43. Kg3 h6 44. f5 Kg5 45. f6 Kxf6 46. Kxg4
Ke5 47. f4+ Kf6 48. Kh5 Kf5 49. Kxh6 Kxf4 50. Kg6 Ke5 51. Kf7 Kd4 52. Ke6 Kc5
53. Kd7 Kxc4 54. Kxd6 1/2-1/2

[Event "Quebec op U1700"]
[Site "Laval CAN"]
[Date "2022.09.05"]
[Round "8.53"]
[White "Levasseur, Sylvain"]
[Black "Miron, Gilles"]
[Result "1/2-1/2"]
[WhiteElo "1509"]
[BlackElo "1388"]
[PlyCount "44"]
[EventDate "2022.09.01"]
[EventType "swiss"]
[EventRounds "9"]
[EventCountry "CAN"]

1. e4 e6 2. d4 d5 3. e5 c5 4. c3 Nc6 5. Nf3 Qb6 6. Be2 cxd4 7. O-O Nge7 8. Re1
Ng6 9. Bd3 Bd7 10. cxd4 Nb4 11. Bf1 Rc8 12. Nc3 Be7 13. Qb3 Bd8 14. a3 Nc6 15.
Qxb6 Bxb6 16. Nb5 O-O 17. Be3 a6 18. Nc3 Na5 19. Nd2 Nc6 20. Nf3 Nge7 21. Bd3
Ng6 22. Bf1 Na5 1/2-1/2

[Event "Quebec op U1700"]
[Site "Laval CAN"]
[Date "2022.09.05"]
[Round "8.56"]
[White "Thouin, Hubert"]
[Black "Duplessis, Claude"]
[Result "0-1"]
[WhiteElo "1316"]
[BlackElo "1551"]
[PlyCount "62"]
[EventDate "2022.09.01"]
[EventType "swiss"]
[EventRounds "9"]
[EventCountry "CAN"]

1. c4 e5 2. g3 f5 3. e3 Nf6 4. Bg2 Be7 5. Ne2 O-O 6. O-O d6 7. Nbc3 c6 8. d4
Be6 9. dxe5 dxe5 10. b3 Nbd7 11. Bb2 Qe8 12. Qc1 Qh5 13. f4 Nc5 14. Qc2 Ng4 15.
h4 Nxe3 16. Qc1 Nxf1 17. Qxf1 Nd3 18. Bc1 Bc5+ 19. Kh2 e4 20. Bd2 Rad8 21. Na4
Be7 22. Bc3 b5 23. Ba5 bxc4 24. Bxd8 Rxd8 25. Nac3 cxb3 26. axb3 Bc5 27. Ra6
Nb4 28. Ra5 Bb6 29. Ra1 Rd2 30. Na4 Bd4 31. Rc1 Qf3 0-1

[Event "Quebec op U1700"]
[Site "Laval CAN"]
[Date "2022.09.06"]
[Round "9.42"]
[White "Berube, Maximilien"]
[Black "Frangakis, Evan"]
[Result "1/2-1/2"]
[WhiteElo "1480"]
[BlackElo "1589"]
[PlyCount "68"]
[EventDate "2022.09.01"]
[EventType "swiss"]
[EventRounds "9"]
[EventCountry "CAN"]

1. c4 Nf6 2. g3 c6 3. Bg2 d5 4. d4 e6 5. Nf3 Nbd7 6. O-O Be7 7. Qc2 O-O 8. Nbd2
Re8 9. b3 Bd6 10. e4 dxe4 11. Nxe4 Nxe4 12. Qxe4 Nf6 13. Qc2 e5 14. dxe5 Bxe5
15. Nxe5 Rxe5 16. Bb2 Re8 17. Rad1 Qe7 18. Bc3 Bg4 19. Rde1 Qd6 20. Qb2 Rxe1
21. Rxe1 Re8 22. Rxe8+ Nxe8 23. Qd2 Qxd2 24. Bxd2 Nf6 25. Be3 a6 26. b4 Be6 27.
Bf1 b5 28. Bg2 Bxc4 29. Bxc6 Bxa2 30. Bb7 Nd5 31. Bc5 Nc7 32. Bd6 Ne8 33. Bf4
Kf8 34. Bxa6 Bc4 1/2-1/2

[Event "Quebec op U1700"]
[Site "Laval CAN"]
[Date "2022.09.06"]
[Round "9.43"]
[White "Yang, Jing Yao"]
[Black "Duval, Mathieu"]
[Result "1/2-1/2"]
[WhiteElo "1259"]
[BlackElo "1524"]
[PlyCount "48"]
[EventDate "2022.09.01"]
[EventType "swiss"]
[EventRounds "9"]
[EventCountry "CAN"]

1. d4 Nf6 2. Bf4 g6 3. Nc3 Bg7 4. e4 d6 5. Nf3 O-O 6. Qd2 Nbd7 7. Bh6 c5 8.
O-O-O cxd4 9. Nxd4 Nc5 10. f3 Bd7 11. h4 Rc8 12. h5 Na4 13. hxg6 fxg6 14. Nd5
Bxh6 15. Qxh6 Rf7 16. Bd3 e6 17. e5 Nxd5 18. Bxg6 Rg7 19. Bxh7+ Kf8 20. Nxe6+
Bxe6 21. Qxe6 Ne3 22. Rxd6 Qc7 23. Bf5 Qxc2+ 24. Bxc2 Rxc2+ 1/2-1/2

[Event "Quebec op U1700"]
[Site "Laval CAN"]
[Date "2022.09.06"]
[Round "9.44"]
[White "Houde-Belle-Isle, Raphael"]
[Black "Avarian, Aram Sevag"]
[Result "0-1"]
[WhiteElo "1310"]
[BlackElo "1657"]
[PlyCount "96"]
[EventDate "2022.09.01"]
[EventType "swiss"]
[EventRounds "9"]
[EventCountry "CAN"]

1. e4 c5 2. Nf3 Nc6 3. d4 cxd4 4. Nxd4 g6 5. Bc4 Bg7 6. Be3 Nf6 7. Nc3 O-O 8.
Bb3 e6 9. O-O d5 10. exd5 Nxd5 11. Nxd5 exd5 12. Nxc6 bxc6 13. Bd4 Re8 14. Bxg7
Kxg7 15. Qd4+ Qf6 16. Rad1 Qxd4 17. Rxd4 Ba6 18. Rfd1 Re2 19. R4d2 Rae8 20.
Rxe2 Rxe2 21. g3 g5 22. Ba4 c5 23. Rc1 Kf6 24. Bd7 h5 25. Bh3 Rd2 26. b3 g4 27.
Bf1 c4 28. h3 Ke5 29. h4 Kd4 30. c3+ Kc5 31. a4 Bc8 32. b4+ Kd6 33. a5 Bf5 34.
Kg2 Be4+ 35. Kg1 Kc6 36. Bg2 f5 37. Bxe4 fxe4 38. Kf1 Rd3 39. Ke2 Rf3 40. Rc2
e3 41. Ke1 exf2+ 42. Kf1 Rxg3 43. Kxf2 Rh3 44. Rc1 Rxh4 45. Rg1 Rh3 46. Rg3
Rxg3 47. Kxg3 d4 48. cxd4 c3 0-1

[Event "Quebec op U1700"]
[Site "Laval CAN"]
[Date "2022.09.06"]
[Round "9.45"]
[White "Harper, Jonathan"]
[Black "Novozhenin, Oleksandr"]
[Result "1-0"]
[WhiteElo "1590"]
[BlackElo "1593"]
[PlyCount "73"]
[EventDate "2022.09.01"]
[EventType "swiss"]
[EventRounds "9"]
[EventCountry "CAN"]

1. e4 e5 2. Nf3 Nc6 3. Bb5 a6 4. Ba4 Nf6 5. O-O b5 6. Bb3 Bc5 7. d3 h6 8. c3 d6
9. h3 Bd7 10. Re1 O-O 11. Nbd2 Rc8 12. Nf1 Ne7 13. d4 exd4 14. cxd4 Bb4 15. Bd2
Bxd2 16. Qxd2 Bc6 17. Ng3 d5 18. e5 Ne4 19. Qe3 Nxg3 20. fxg3 Bd7 21. g4 Be6
22. Rac1 c6 23. Nh4 g5 24. Bc2 Kg7 25. Nf5+ Bxf5 26. gxf5 Kh7 27. f6+ Ng6 28.
Bf5 Rc7 29. Rc5 Re8 30. Qd3 Qa8 31. e6 Qd8 32. Bxg6+ fxg6 33. e7 Qd6 34. Rf1
Rec8 35. Qe3 Re8 36. f7 Rexe7 37. f8=Q 1-0

[Event "Quebec op U1700"]
[Site "Laval CAN"]
[Date "2022.09.06"]
[Round "9.46"]
[White "Chasles, Jean-Benoit"]
[Black "Smirnov, Arteme-Iouri"]
[Result "1-0"]
[WhiteElo "1423"]
[BlackElo "1495"]
[PlyCount "59"]
[EventDate "2022.09.01"]
[EventType "swiss"]
[EventRounds "9"]
[EventCountry "CAN"]

1. e4 c5 2. Nf3 Nc6 3. d4 cxd4 4. Nxd4 g6 5. Nc3 Bg7 6. Be3 Nf6 7. f3 O-O 8.
Bc4 d6 9. Qd2 Bd7 10. g4 Rc8 11. Nxc6 Rxc6 12. Bb3 a6 13. Bh6 b5 14. h4 b4 15.
Ne2 Qb6 16. Bxg7 Kxg7 17. h5 gxh5 18. g5 Ne8 19. Rxh5 e5 20. g6 hxg6 21. Qh6+
Kf6 22. Qxf8 gxh5 23. Qxf7+ Kg5 24. Qxd7 Rc7 25. Qxe8 Rg7 26. Kd2 Kf6 27. Qf8+
Rf7 28. Qxf7+ Kg5 29. Qg7+ Kh4 30. Qg3# 1-0

[Event "Quebec op U1700"]
[Site "Laval CAN"]
[Date "2022.09.06"]
[Round "9.48"]
[White "Duguay-Piron, Simon"]
[Black "Masse-Garneau, Anthony"]
[Result "1/2-1/2"]
[WhiteElo "1416"]
[BlackElo "1600"]
[PlyCount "72"]
[EventDate "2022.09.01"]
[EventType "swiss"]
[EventRounds "9"]
[EventCountry "CAN"]

1. e4 c5 2. Nf3 e6 3. d4 cxd4 4. Nxd4 Nc6 5. c4 Nf6 6. Nc3 d5 7. cxd5 exd5 8.
Bb5 Bd7 9. exd5 Nxd4 10. Qxd4 Bxb5 11. Nxb5 Qa5+ 12. Nc3 Bb4 13. Qe5+ Kf8 14.
O-O Bxc3 15. bxc3 Qxd5 16. Ba3+ Kg8 17. Qc7 Qc6 18. Qg3 Ne4 19. Qg4 h5 20. Qf3
Nxc3 21. Qd3 Nd5 22. Rac1 Nf4 23. Rxc6 Nxd3 24. Rc7 b5 25. Rd1 Ne5 26. f4 Nc4
27. Bc5 Nb6 28. Bxb6 axb6 29. Rdd7 Rf8 30. Rd6 Rh6 31. Rxh6 gxh6 32. Rc6 Kg7
33. Rxb6 Ra8 34. Rxb5 Rxa2 35. Rxh5 Kg6 36. Rb5 f6 1/2-1/2

[Event "Quebec op U1700"]
[Site "Laval CAN"]
[Date "2022.09.06"]
[Round "9.49"]
[White "Laporte, Michel"]
[Black "Levasseur, Sylvain"]
[Result "0-1"]
[WhiteElo "1528"]
[BlackElo "1509"]
[PlyCount "69"]
[EventDate "2022.09.01"]
[EventType "swiss"]
[EventRounds "9"]
[EventCountry "CAN"]

1. d4 d5 2. Nf3 c6 3. e3 Nf6 4. Bd3 Nbd7 5. O-O e6 6. b3 Bd6 7. Bb2 Qc7 8. c4
Qd8 9. Nbd2 Nf8 10. Ne5 Ng6 11. Qe2 O-O 12. f4 c5 13. Rf3 Bd7 14. Rh3 Bc6 15.
g4 Bxe5 16. dxe5 Ne4 17. cxd5 exd5 18. Nxe4 dxe4 19. Bc4 Bd5 20. Bxd5 Qxd5 21.
Rd1 Qc6 22. Rd6 Qe8 23. Qc4 Rd8 24. Qxc5 Rc8 25. Qd4 Rc2 26. a4 Qc8 27. Ba3
Qxg4+ 28. Rg3 Qe2 29. Qd2 Rxd2 30. Rxd2 Qe1+ 31. Kg2 Qxd2+ 32. Kh3 Rc8 33. Rg2
Qd1 34. Bb4 Qh5+ 35. Kg3 0-1

[Event "Quebec op U1700"]
[Site "Laval CAN"]
[Date "2022.09.06"]
[Round "9.50"]
[White "Miron, Gilles"]
[Black "Bergeron, Jean-Guy"]
[Result "1-0"]
[WhiteElo "1388"]
[BlackElo "1370"]
[PlyCount "81"]
[EventDate "2022.09.01"]
[EventType "swiss"]
[EventRounds "9"]
[EventCountry "CAN"]

1. e4 Nc6 2. d4 e5 3. d5 Nce7 4. Nc3 Ng6 5. Nf3 Nf6 6. Bd3 Bc5 7. h3 O-O 8. Na4
Bb4+ 9. c3 Bd6 10. b4 Nh5 11. Nb2 Nhf4 12. Bxf4 Nxf4 13. O-O a5 14. Nc4 axb4
15. Nxd6 cxd6 16. cxb4 Ra3 17. Bc4 b6 18. b5 Qf6 19. Kh2 Qg6 20. Rg1 Qxe4 21.
Bb3 Bb7 22. Nd2 Qb4 23. Nc4 Rxb3 24. axb3 Qc5 25. Ra7 Bxd5 26. Ne3 Be6 27. Qb1
Qxb5 28. b4 Qe2 29. Qc2 Qh5 30. Qd1 Qh4 31. Qf3 d5 32. Ng4 Qg5 33. Re1 e4 34.
Qg3 Nh5 35. Qe5 f5 36. Rea1 fxg4 37. Qxg5 Nf4 38. Ra8 gxh3 39. Rxf8+ Kxf8 40.
Qxf4+ Ke7 41. Ra8 1-0

[Event "Quebec op U1700"]
[Site "Laval CAN"]
[Date "2022.09.06"]
[Round "9.51"]
[White "Thouin, Hubert"]
[Black "Morais, Antoine"]
[Result "0-1"]
[WhiteElo "1316"]
[BlackElo "1507"]
[PlyCount "80"]
[EventDate "2022.09.01"]
[EventType "swiss"]
[EventRounds "9"]
[EventCountry "CAN"]

1. c4 Nf6 2. g3 g6 3. Bg2 Bg7 4. Nc3 O-O 5. Nf3 d6 6. d4 c6 7. O-O Bf5 8. Nh4
Be6 9. d5 cxd5 10. cxd5 Bd7 11. Bf4 Na6 12. a3 Qb6 13. Qd2 Nc5 14. Rab1 Nb3 15.
Qd1 Na5 16. Be3 Qb3 17. h3 h6 18. Nf3 Qxd1 19. Rfxd1 Bf5 20. Ra1 Bc2 21. Re1
Nb3 22. Ra2 Nd7 23. Nd2 Ndc5 24. Nxb3 Nxb3 25. f4 Rfc8 26. Be4 Bxc3 27. Bxc2
Bxe1 28. Bxb3 Bxg3 29. Ra1 Bh4 30. Ba4 Bf6 31. Rb1 a6 32. b4 Rc3 33. Bc1 Rac8
34. Bb2 Rxh3 35. Bxf6 exf6 36. Bd7 Rg3+ 37. Kf2 Rcc3 38. Bc8 Rxa3 39. Bxb7 Rgb3
40. Rc1 Rxb4 0-1

[Event "Quebec op U1700"]
[Site "Laval CAN"]
[Date "2022.09.06"]
[Round "9.52"]
[White "Duplessis, Claude"]
[Black "Lafer, Michael Barry jr"]
[Result "1-0"]
[WhiteElo "1551"]
[BlackElo "1568"]
[PlyCount "121"]
[EventDate "2022.09.01"]
[EventType "swiss"]
[EventRounds "9"]
[EventCountry "CAN"]

1. e4 c6 2. d4 d5 3. e5 Bf5 4. Nf3 e6 5. Be2 Nd7 6. O-O c5 7. c3 Rc8 8. Bd3 Bg6
9. Bxg6 hxg6 10. Ng5 Be7 11. f4 Nh6 12. Na3 Nf5 13. Nc2 Qc7 14. Rf3 cxd4 15.
Nxd4 Nxd4 16. cxd4 Qc2 17. Qxc2 Rxc2 18. Rc3 Rxc3 19. bxc3 Nb6 20. Rb1 Bxg5 21.
fxg5 Kd7 22. g3 Rc8 23. Bd2 Rc7 24. Kf2 Nc4 25. Ke2 b6 26. a4 Kc6 27. h4 Kb7
28. g4 Ka6 29. h5 gxh5 30. gxh5 Ka5 31. Ra1 Nb2 32. h6 g6 33. Rf1 Nxa4 34. h7
Rc8 35. Rxf7 a6 36. Rf6 Rh8 37. Rxg6 Rxh7 38. Rh6 Re7 39. Rf6 Kb5 40. g6 Kc4
41. Rf7 Re8 42. g7 Rg8 43. Bh6 Nxc3+ 44. Kf3 b5 45. Rf8 Rxg7 46. Bxg7 b4 47.
Re8 a5 48. Rxe6 b3 49. Rb6 a4 50. e6 a3 51. e7 a2 52. e8=Q a1=Q 53. Rc6+ Kd3
54. Qe3+ Kc2 55. Qe2+ Kb1 56. Qe1+ Ka2 57. Qxa1+ Kxa1 58. Rxc3 b2 59. Rb3 b1=Q
60. Rxb1+ Kxb1 61. Kf4 1-0

[Event "Quebec op U2000"]
[Site "Laval CAN"]
[Date "2022.09.01"]
[Round "1.24"]
[White "Giroux, Robert"]
[Black "Dupont-Mageau, Nicolas"]
[Result "1/2-1/2"]
[WhiteElo "1977"]
[BlackElo "1749"]
[PlyCount "64"]
[EventDate "2022.09.01"]
[EventType "swiss"]
[EventRounds "9"]
[EventCountry "CAN"]

1. Nf3 Nf6 2. b3 g6 3. Bb2 Bg7 4. e3 O-O 5. d4 d6 6. Be2 Nbd7 7. O-O b6 8. c4
c5 9. Nc3 Bb7 10. d5 Ne4 11. Qc2 Nxc3 12. Bxc3 e6 13. Bxg7 Kxg7 14. e4 exd5 15.
exd5 Qf6 16. Rfe1 Rfe8 17. Qd2 a5 18. a4 Ne5 19. Ng5 Bc8 20. Ne4 Qd8 21. f4 Ng4
22. Qc3+ f6 23. Bf3 Ra7 24. h3 Nh6 25. g4 Kf7 26. Kg2 f5 27. Ng5+ Kg8 28. Ne6
Bxe6 29. dxe6 fxg4 30. hxg4 Qe7 31. Rh1 Qg7 32. Qxg7+ Kxg7 1/2-1/2

[Event "Quebec op U2000"]
[Site "Laval CAN"]
[Date "2022.09.01"]
[Round "1.25"]
[White "Zhang, Michelle"]
[Black "Sekki, Abderaouf"]
[Result "0-1"]
[WhiteElo "1729"]
[BlackElo "1951"]
[PlyCount "52"]
[EventDate "2022.09.01"]
[EventType "swiss"]
[EventRounds "9"]
[EventCountry "CAN"]

1. e4 d6 2. d4 Nf6 3. Nc3 Nbd7 4. Nf3 e5 5. dxe5 dxe5 6. a3 Be7 7. Bc4 c6 8. h3
h6 9. O-O Qc7 10. Nh2 g5 11. Qe2 Nf8 12. Ng4 Bxg4 13. hxg4 Ng6 14. Bb3 Nf4 15.
Bxf4 gxf4 16. Qc4 Rh7 17. Rfd1 Bd6 18. Rd2 Nxg4 19. Rad1 O-O-O 20. Qe2 h5 21.
Rd3 Be7 22. Rxd8+ Bxd8 23. Nd5 cxd5 24. Rxd5 Bh4 25. Ba4 Bxf2+ 26. Kh1 Qe7 0-1

[Event "Quebec op U2000"]
[Site "Laval CAN"]
[Date "2022.09.01"]
[Round "1.26"]
[White "Morin-Pare, Victor"]
[Black "Wang, Rachel"]
[Result "0-1"]
[WhiteElo "1912"]
[BlackElo "1726"]
[PlyCount "100"]
[EventDate "2022.09.01"]
[EventType "swiss"]
[EventRounds "9"]
[EventCountry "CAN"]

1. d4 d5 2. Bf4 c5 3. e3 Nf6 4. Nc3 cxd4 5. exd4 a6 6. Bd3 Bg4 7. f3 Bh5 8. g4
Bg6 9. h4 e6 10. Nge2 Bd6 11. Qd2 Nc6 12. Kf2 Bxf4 13. Nxf4 Qb6 14. Bxg6 hxg6
15. g5 Nxd4 16. Qe3 Nd7 17. Nfxd5 Qc5 18. Nc7+ Qxc7 19. Qxd4 O-O-O 20. Qe3 Nb6
21. Ne4 Qxc2+ 22. Kg3 Nd5 23. Qa7 Qc7+ 24. Kf2 Qb6+ 25. Qxb6 Nxb6 26. Rac1+ Kb8
27. Kg3 Nd5 28. Rh2 Ne3 29. a4 Nf5+ 30. Kg4 Rd4 31. a5 Rb4 32. Rch1 Ra4 33. Rd2
Rxa5 34. Rd7 Ne3+ 35. Kg3 Rf8 36. Nd6 Nf5+ 37. Nxf5 Rxf5 38. Kg4 Kc8 39. Rhd1
Rc5 40. f4 Rc7 41. R7d6 Rc2 42. b4 Rc4 43. Rd7 e5 44. Re7 Rxf4+ 45. Kg3 Rxb4
46. Rdd7 Rd8 47. Rc7+ Kb8 48. Rxf7 Rd3+ 49. Kf2 Rf4+ 50. Rxf4 Kxc7 0-1